| 000 | 00816nam a2200205Ia 4500 | ||
|---|---|---|---|
| 999 |
_c46510 _d46510 |
||
| 001 | 13349 | ||
| 003 | GE_BSU | ||
| 005 | 20240909152342.0 | ||
| 008 | 181216s2012||||ru |||||||||||||| ||rus|| | ||
| 020 | _a9785020365438 | ||
| 040 | _cGE_BSU | ||
| 080 | _a1(091) И-97 | ||
| 245 | _aИшрак. Ежегодник исламской философии №4 2013 = Ishraq. Islamic Philosophy yearbook | ||
| 264 |
_aМосква : _bВосточная лит-ра, _c2013. |
||
| 300 |
_a629 стр. ; _c22 см. |
||
| 653 | _aИшрак | ||
| 653 | _aЕжегодник исламской философии | ||
| 700 |
_aРоссийская АН ин-т философии, Иранский ин-т философии. Фонд исследовании исламской культуры _923192 |
||
| 942 |
_cBK _2udc |
||